|
|
|
|
| LEADER |
00000nam a2200000 a 4500 |
| 001 |
vtls011596463 |
| 003 |
SK-MaSNL |
| 005 |
20260301042107.0 |
| 008 |
240318s2014 xo o g 000 j slo |
| 015 |
|
|
|a SNBA2017/01
|
| 020 |
|
|
|a 9788089677047
|q (brož.)
|
| 035 |
|
|
|a urn:nbn:sk:snk-am00cwfj
|
| 035 |
|
|
|a urn:nbn:sk:snk-am3hn9r
|
| 035 |
|
|
|a 44577371-D004-4D59-A9F3-92FF837139B2
|
| 040 |
|
|
|a SNK
|b slo
|c SNK
|e AACR2
|
| 041 |
0 |
|
|a slo
|
| 044 |
|
|
|a xo
|c SK
|
| 072 |
|
7 |
|a 77
|x Fotografia. Fotografické postupy
|2 konspekt
|
| 072 |
|
7 |
|a 821.162.4-3
|x Slovenská próza
|2 konspekt
|
| 080 |
|
|
|a 77
|2 2011
|
| 080 |
|
|
|a 821.162.4-3
|2 2011
|
| 100 |
1 |
|
|a Safanovič, Daniel
|4 aut
|9 344787
|
| 245 |
1 |
0 |
|a Dandan
|c texts: Daniel Safanovič. Nynewe / photography Michaela Knížová
|
| 250 |
|
|
|a 1st ed.
|
| 260 |
|
|
|a Košice
|b Dive Buki
|c c2014
|
| 300 |
|
|
|a 71, [38] s.
|b fotogr.
|c 14 x 14 cm
|
| 490 |
1 |
|
|a Flexibuk
|v no. 4
|
| 500 |
|
|
|a Dokument obsahuje 2 diela od rôznych autorov
|
| 500 |
|
|
|a Hrebeňová väzba
|
| 500 |
|
|
|a Dva kartónové listy, ktoré diela oddeľujú
|
| 650 |
0 |
7 |
|a umelecká fotografia
|2 SNKPH
|9 29370
|
| 650 |
0 |
7 |
|a Photography, Artistic
|2 SNKPHeng
|9 297367
|
| 655 |
|
7 |
|a slovenské prózy
|2 SNKPH
|9 70229
|
| 655 |
|
7 |
|a Slovak prosis
|2 SNKPHeng
|9 289381
|
| 700 |
1 |
2 |
|a Knížová, Michaela,
|d 1982-
|t Nynewe
|4 pht
|9 344788
|
| 830 |
|
0 |
|a Flexibuk
|9 344789
|
| 919 |
|
|
|a 978-80-89677-04-7
|
| 958 |
|
|
|a LX
|
| 999 |
|
|
|c 590161
|d 592091
|
| 952 |
|
|
|a SNK
|b SNK
|y PREZ
|7 0
|p 17A1218741
|o snkSE 13296
|i snk2016/27613
|8 0
|0 0
|1 0
|4 0
|d 2016-11-30
|f 1
|l 0
|r 2026-02-23 15:21:52
|w 2026-02-23
|
| 952 |
|
|
|a SNK
|b SNK
|y PREZ
|7 0
|p 17A1218742
|o snkSE 13296 D1
|i snk2016/27614
|8 0
|0 0
|1 0
|4 0
|d 2016-11-30
|l 0
|r 2026-02-23 15:21:52
|w 2026-02-23
|